[Event "Chigorin Memorial 20th"]
[Site "St Petersburg"]
[Date "2012.11.03"]
[Round "8"]
[White "Klimshin, Ilia"]
[Black "Volskaya, Vera"]
[Result "0-1"]
[WhiteElo "1734"]
[BlackElo "1929"]
[PlyCount "70"]
[EventDate "2012.10.27"]
[EventType "swiss"]
[EventRounds "9"]
[EventCountry "RUS"]
[SourceTitle "EXT 2013"]
[Source "ChessBase"]
[SourceDate "2012.11.22"]
[SourceVersion "1"]
[SourceVersionDate "2012.11.22"]
[SourceQuality "1"]

1. e4 c6 2. d4 d5 3. exd5 cxd5 4. Nc3 Bf5 5. Bd3 Bxd3 6. Qxd3 e6 7. Nf3 Nc6 8. 0-0 Nf6 9. a3 Be7 10. Bf4 0-0 11. h3 Rc8 12. Ng5 h6 13. Nf3 a6 14. g4 Bd6 15. Qe3 Bxf4 16. Qxf4 Qc7 17. Qe3 Na5 18. g5 Nc4 19. Qc1 hxg5 20. Ne2 g4 21. hxg4 Nxg4 22. Kg2 f5 23. Rh1 Qe7 24. Ng5 Rf6 25. Nf4 Nd6 26. f3 Rh6 27. Rxh6 Rxc2+ 28. Qxc2 Ne3+ 29. Kf2 Nxc2 30. Rxe6 Qxg5 31. Rg1 Qxf4 32. Rgg6 Ne4+ 33. Kg2 Ne3+ 34. Kg1 Qxf3 35. Re7 Qf2+ 0-1

[Event "Chigorin Memorial 20th"]
[Site "St Petersburg"]
[Date "2012.10.30"]
[Round "4"]
[White "Elizarova, Taisia"]
[Black "Volskaya, Vera"]
[Result "1-0"]
[WhiteElo "1663"]
[BlackElo "1929"]
[PlyCount "79"]
[EventDate "2012.10.27"]
[EventType "swiss"]
[EventRounds "9"]
[EventCountry "RUS"]
[SourceTitle "EXT 2013"]
[Source "ChessBase"]
[SourceDate "2012.11.22"]
[SourceVersion "1"]
[SourceVersionDate "2012.11.22"]
[SourceQuality "1"]

1. d4 d5 2. c4 e5 3. dxe5 d4 4. Nf3 Nc6 5. g3 Bg4 6. Bg2 Qd7 7. 0-0 0-0-0 8. Nbd2 Nge7 9. a3 Ng6 10. b4 Ncxe5 11. c5 Be7 12. Bb2 Bh3 13. Bxd4 Bxg2 14. Kxg2 Nxf3 15. Nxf3 Qc6 16. Qd3 h5 17. Qf5+ Kb8 18. Bb2 h4 19. Rad1 Rdg8 20. Qd5 Qe8 21. Qd7 Qf8 22. Ne5 hxg3 23. hxg3 Bf6 24. Nxg6 fxg6 25. Bc1 g5 26. c6 b6 27. Qd3 Qe8 28. Qc4 Qc8 29. Rd7 Rh6 30. Rh1 Rxh1 31. Kxh1 Rh8+ 32. Kg2 a6 33. Be3 Rd8 34. Rxd8 Qxd8 35. f3 Qe8 36. Kf2 Bd8 37. a4 Qg6 38. a5 Qd6 39. axb6 cxb6 40. b5 1-0

[Event "St Petersburg-ch sf (Women) 80th"]
[Site "St Petersburg"]
[Date "2012.02.04"]
[Round "8.2"]
[White "Volskaya, Vera"]
[Black "Kolesnikova, Kristina"]
[Result "1-0"]
[WhiteElo "1925"]
[BlackElo "1926"]
[PlyCount "85"]
[EventDate "2012.01.28"]
[EventType "swiss"]
[EventRounds "9"]
[EventCountry "RUS"]
[SourceTitle "CBM 146 Extra"]
[Source "ChessBase"]
[SourceDate "2012.02.29"]
[SourceVersion "1"]
[SourceVersionDate "2012.02.29"]
[SourceQuality "1"]

1. d4 Nf6 2. Nf3 d6 3. g3 g6 4. Bg2 Bg7 5. c3 0-0 6. 0-0 Nbd7 7. Nbd2 c6 8. e4 e5 9. dxe5 dxe5 10. Qe2 Qc7 11. b3 Ng4 12. h3 Nh6 13. Ba3 c5 14. Rad1 a5 15. g4 f6 16. Qb5 Nf7 17. Nc4 Rd8 18. Rd5 b6 19. Rxd7 Bxd7 20. Qxb6 Qxb6 21. Nxb6 Ra6 22. Bxc5 Bc6 23. Re1 Bf8 24. Bxf8 Kxf8 25. Nc4 Rd3 26. Rc1 Rd7 27. Nfd2 Ng5 28. f3 Ne6 29. Kf2 Nf4 30. Bf1 Raa7 31. Ke3 h5 32. g5 fxg5 33. Nxe5 Rd6 34. h4 Ne6 35. Ndc4 Rad7 36. Nxd6 Rxd6 37. Nxg6+ Kg7 38. Ne5 gxh4 39. Nxc6 Rxc6 40. f4 Nc7 41. Be2 h3 42. Bxh5 h2 43. Bf3 1-0

[Event "St Petersburg-ch sf (Women) 80th"]
[Site "St Petersburg"]
[Date "2012.01.30"]
[Round "3.4"]
[White "Chernyak, Viktoria"]
[Black "Volskaya, Vera"]
[Result "1/2-1/2"]
[WhiteElo "1839"]
[BlackElo "1925"]
[PlyCount "79"]
[EventDate "2012.01.28"]
[EventType "swiss"]
[EventRounds "9"]
[EventCountry "RUS"]
[SourceTitle "CBM 146 Extra"]
[Source "ChessBase"]
[SourceDate "2012.02.29"]
[SourceVersion "1"]
[SourceVersionDate "2012.02.29"]
[SourceQuality "1"]

1. e4 d5 2. exd5 Qxd5 3. d4 Nf6 4. Nf3 Bg4 5. Be2 e6 6. 0-0 Be7 7. c4 Qd8 8. Nc3 0-0 9. Be3 c6 10. Rc1 Nbd7 11. Re1 Re8 12. a3 Nf8 13. Ne5 Bxe2 14. Qxe2 N6d7 15. f4 Bd6 16. Ne4 Bc7 17. Qh5 Qe7 18. Bf2 Bd8 19. Bh4 f6 20. Re3 g6 21. Qe2 Qg7 22. Nxd7 Qxd7 23. Nxf6+ Bxf6 24. Bxf6 Qf7 25. Be5 Nd7 26. Rf1 Nxe5 27. dxe5 Rad8 28. Rd3 Qf5 29. Rb3 Re7 30. g4 Qf8 31. Qe3 b6 32. Rd3 Red7 33. Rfd1 Rxd3 34. Rxd3 Rxd3 35. Qxd3 Qxf4 36. Qd8+ Kg7 37. Qe7+ Kh6 38. Qh4+ Kg7 39. Qe7+ Kh6 40. Qh4+ 1/2-1/2

[Event "St Petersburg-ch sf (Women) 80th"]
[Site "St Petersburg"]
[Date "2012.01.29"]
[Round "2.9"]
[White "Volskaya, Vera"]
[Black "Efremova, Daria"]
[Result "1-0"]
[WhiteElo "1925"]
[BlackElo "1931"]
[PlyCount "51"]
[EventDate "2012.01.28"]
[EventType "swiss"]
[EventRounds "9"]
[EventCountry "RUS"]
[SourceTitle "CBM 146 Extra"]
[Source "ChessBase"]
[SourceDate "2012.02.29"]
[SourceVersion "1"]
[SourceVersionDate "2012.02.29"]
[SourceQuality "1"]

1. d4 Nf6 2. c4 e6 3. Nc3 Bb4 4. Qc2 d5 5. e3 0-0 6. Nf3 c5 7. cxd5 cxd4 8. exd4 exd5 9. Be2 Ne4 10. 0-0 Bf5 11. Qb3 Nc6 12. Nxd5 Be6 13. Bc4 Nd6 14. Bg5 Qa5 15. Ne7+ Nxe7 16. Bxe6 Ndf5 17. Bc4 Nc6 18. Be3 Nxe3 19. fxe3 Qb6 20. Ng5 Na5 21. Bxf7+ Kh8 22. Qd3 Qh6 23. Qf5 Bd2 24. Rf3 g6 25. Qf4 Nc4 26. Qf6+ 1-0

[Event "St Petersburg-ch sf (Women) 80th"]
[Site "St Petersburg"]
[Date "2012.01.28"]
[Round "1.4"]
[White "Sorokina, Svetlana Vitalievna"]
[Black "Volskaya, Vera"]
[Result "1/2-1/2"]
[WhiteElo "1622"]
[BlackElo "1925"]
[PlyCount "173"]
[EventDate "2012.01.28"]
[EventType "swiss"]
[EventRounds "9"]
[EventCountry "RUS"]
[SourceTitle "CBM 146 Extra"]
[Source "ChessBase"]
[SourceDate "2012.02.29"]
[SourceVersion "1"]
[SourceVersionDate "2012.02.29"]
[SourceQuality "1"]

1. d4 Nf6 2. c4 c6 3. Nc3 d5 4. Nf3 b6 5. e3 e6 6. Be2 dxc4 7. Bxc4 Be7 8. 0-0 0-0 9. b3 Nd5 10. Bb2 Nxc3 11. Bxc3 Ba6 12. Ne5 Bxc4 13. bxc4 Bd6 14. Nd3 Qh4 15. f4 Nd7 16. Rf3 Qh5 17. Qc2 Qf5 18. Qe2 Nf6 19. Nf2 Ne4 20. Nxe4 Qxe4 21. Raf1 f5 22. Rg3 Rf7 23. Qb2 Bf8 24. Rd1 Rd8 25. Qb3 Be7 26. a4 c5 27. d5 exd5 28. cxd5 c4 29. Qb2 Bc5 30. Bd4 Rxd5 31. Rf3 Rfd7 32. Qc3 Bxd4 33. exd4 Rxd4 34. Re1 Rd1 35. Rxd1 Rxd1+ 36. Kf2 Qd4+ 37. Ke2 Qxc3 38. Rxc3 Rd4 39. Ke3 Re4+ 40. Kf3 a6 41. g3 b5 42. axb5 axb5 43. Ra3 Kf7 44. Ra5 b4 45. Rxf5+ Ke6 46. Rb5 Rd4 47. Rxb4 Kd6 48. Ke3 Rd3+ 49. Ke2 Kc5 50. Rb8 Rd7 51. f5 c3 52. g4 Kc4 53. g5 c2 54. Rc8+ Kb3 55. Rb8+ Kc3 56. Rc8+ Kb2 57. Rb8+ Kc1 58. f6 gxf6 59. gxf6 Rd2+ 60. Ke1 Rd6 61. Rf8 Re6+ 62. Kf2 Kd2 63. Rd8+ Kc3 64. Rc8+ Kd3 65. Rd8+ Ke4 66. Rc8 Rxf6+ 67. Ke2 Rh6 68. h4 Rxh4 69. Rc4+ Kd5 70. Rxh4 c1Q 71. Kf3 h6 72. Kg4 Qg5+ 73. Kh3 Qe3+ 74. Kg2 Ke5 75. Rg4 h5 76. Rg3 Qc1 77. Kh2 Kf4 78. Rg2 Qe3 79. Rg1 Qe2+ 80. Rg2 Qe1 81. Ra2 Qe5 82. Rg2 Kf3+ 83. Kg1 Qe1+ 84. Kh2 h4 85. Rg1 Qg3+ 86. Rxg3+ hxg3+ 87. Kh1 1/2-1/2

[Event "RUS-ch Seniors (Women)"]
[Site "Odintsovo"]
[Date "2011.04.25"]
[Round "7"]
[White "Titorenko, Natalia I"]
[Black "Volskaya, Vera"]
[Result "1-0"]
[WhiteElo "2140"]
[BlackElo "1954"]
[PlyCount "125"]
[EventDate "2011.04.19"]
[EventType "swiss"]
[EventRounds "9"]
[EventCountry "RUS"]
[SourceTitle "CBM 142 Extra"]
[Source "ChessBase"]
[SourceDate "2011.06.27"]
[SourceVersion "1"]
[SourceVersionDate "2011.06.27"]
[SourceQuality "1"]

1. Nf3 g6 2. c4 Bg7 3. Nc3 c6 4. d4 Nf6 5. e4 0-0 6. e5 Ne8 7. Be2 d6 8. 0-0 dxe5 9. dxe5 Qxd1 10. Rxd1 Nc7 11. Bf4 Ne6 12. Bg3 Nd7 13. Rac1 g5 14. h3 Nf4 15. Bf1 Nxe5 16. Nxg5 Neg6 17. Nf3 e5 18. Ne4 b6 19. Nd6 Rd8 20. Ng5 Be6 21. Bxf4 exf4 22. b4 Bb2 23. Rb1 Be5 24. Nb7 Bf5 25. Nxd8 Bxb1 26. Nxc6 Bxa2 27. Rd7 a5 28. Nxf7 Bg7 29. Nd6 a4 30. Nb5 Ne5 31. Nxe5 Bxe5 32. Bd3 a3 33. Bxh7+ Kh8 34. Be4 Bxc4 35. Bxa8 Bxb5 36. Ra7 Bb2 37. Bd5 Bd3 38. Ba2 b5 39. Kh2 Bc4 40. Bb1 Kg8 41. h4 Bf7 42. Kh3 Be6+ 43. g4 f3 44. Kg3 Bd5 45. h5 Be5+ 46. Kh3 Bd4 47. Rxa3 Bxf2 48. Ba2 Bxa2 49. Rxa2 Be1 50. Ra5 f2 51. Kg2 Bxb4 52. Rxb5 Be1 53. Rf5 Kg7 54. Rxf2 Kh6 55. Rf6+ Kg7 56. Rg6+ Kh7 57. Kf3 Bd2 58. Ke4 Bc1 59. Kf5 Bd2 60. g5 Bc3 61. Rc6 Bb2 62. Rc7+ Kg8 63. Kg6 1-0

[Event "RUS-ch Seniors (Women)"]
[Site "Odintsovo"]
[Date "2011.04.20"]
[Round "2"]
[White "Volskaya, Vera"]
[Black "Khalturina, Tatiana"]
[Result "0-1"]
[WhiteElo "1954"]
[BlackElo "1817"]
[PlyCount "105"]
[EventDate "2011.04.19"]
[EventType "swiss"]
[EventRounds "9"]
[EventCountry "RUS"]
[SourceTitle "CBM 142 Extra"]
[Source "ChessBase"]
[SourceDate "2011.06.27"]
[SourceVersion "1"]
[SourceVersionDate "2011.06.27"]
[SourceQuality "1"]

1. d4 Nf6 2. c4 g6 3. Nc3 Bg7 4. e4 d6 5. Nf3 0-0 6. Be2 c6 7. 0-0 a6 8. a4 a5 9. Ne1 e5 10. dxe5 dxe5 11. Qb3 Na6 12. Be3 Re8 13. Rd1 Qe7 14. Nc2 Nc5 15. Qa3 b6 16. f3 Be6 17. b4 Na6 18. bxa5 Qxa3 19. Nxa3 bxa5 20. Rd6 Bf8 21. c5 Bxd6 22. cxd6 Nd7 23. Nc4 Bxc4 24. Bxc4 Kg7 25. f4 exf4 26. Rxf4 f6 27. Bd4 Nac5 28. e5 Ne6 29. exf6+ Kf7 30. Ne4 h6 31. Rh4 Rh8 32. Bc3 Rab8 33. Kf2 Nb6 34. Ba2 Nd5 35. Be5 g5 36. Rh3 Rb4 37. Nc3 Rb2+ 38. Kf3 Nxf6 39. d7 g4+ 40. Kg3 gxh3 41. Kxh3 Rxa2 42. Nxa2 Rd8 43. Bc3 Rxd7 44. Bxa5 Ra7 45. Bd2 Rxa4 46. Nc3 Ra3 47. g3 Ng5+ 48. Kg2 Kg6 49. h4 Nge4 50. Nxe4 Nxe4 51. Bf4 c5 52. g4 c4 53. h5+ 0-1

[Event "RUS-ch Seniors (Women)"]
[Site "Odintsovo"]
[Date "2011.04.19"]
[Round "1"]
[White "Fatalibekova, Elena"]
[Black "Volskaya, Vera"]
[Result "1-0"]
[WhiteElo "2282"]
[BlackElo "1954"]
[PlyCount "54"]
[EventDate "2011.04.19"]
[EventType "swiss"]
[EventRounds "9"]
[EventCountry "RUS"]
[SourceTitle "CBM 142 Extra"]
[Source "ChessBase"]
[SourceDate "2011.06.27"]
[SourceVersion "1"]
[SourceVersionDate "2011.06.27"]
[SourceQuality "1"]

1. Nf3 d5 2. c4 Nf6 3. cxd5 Nxd5 4. d4 Bf5 5. Qb3 Nb6 6. Nc3 e6 7. g3 Be7 8. Bg2 c6 9. 0-0 0-0 10. e4 Bg6 11. Be3 N8d7 12. Rfd1 Qc7 13. Rac1 Nf6 14. Bf4 Qd8 15. Ne5 Nh5 16. Be3 Rc8 17. f4 h6 18. Nxg6 fxg6 19. Qxe6+ Kh7 20. e5 Qe8 21. d5 cxd5 22. Nxd5 Nxd5 23. Bxd5 Rxc1 24. Rxc1 b6 25. Rc7 Bc5 26. Bxc5 bxc5 27. Qxe8 Rxe8 1-0

[Event "Wch Seniors (Women) 20th"]
[Site "Arco"]
[Date "2010.10.26"]
[Round "1"]
[White "Fomina, Tatyana"]
[Black "Volskaya, Vera"]
[Result "1-0"]
[WhiteElo "2256"]
[BlackElo "1948"]
[PlyCount "99"]
[EventDate "2010.10.26"]
[EventType "swiss"]
[EventRounds "9"]
[EventCountry "ITA"]
[SourceTitle "EXT 2011"]
[Source "ChessBase"]
[SourceDate "2010.11.26"]
[SourceVersion "1"]
[SourceVersionDate "2010.11.26"]
[SourceQuality "1"]

1. e4 c6 2. c4 d5 3. exd5 cxd5 4. cxd5 Qxd5 5. Nc3 Qe5+ 6. Be2 Nf6 7. Nf3 Qa5 8. d4 e6 9. 0-0 Be7 10. Re1 0-0 11. Ne5 Nd5 12. Bd2 Nc6 13. Nxd5 Qxd5 14. Bc3 Qd8 15. Bf3 Nb4 16. Qb3 Nd5 17. Rad1 a5 18. a4 Ra6 19. Nc4 Bf6 20. Ne3 Rb6 21. Qc2 Rc6 22. Ng4 Rd6 23. Nxf6+ Nxf6 24. b4 b6 25. bxa5 bxa5 26. Re5 Nd5 27. Qd2 Qd7 28. Bxd5 Rxd5 29. Rxd5 Qxd5 30. Bxa5 Bb7 31. f3 Ra8 32. Rb1 Rxa5 33. Rxb7 h6 34. Rb8+ Kh7 35. Qd3+ g6 36. Rb5 Rxb5 37. axb5 e5 38. Qe4 Qxb5 39. Qxe5 Qxe5 40. dxe5 g5 41. Kf2 Kg6 42. Ke3 Kf5 43. Kd4 f6 44. g4+ Ke6 45. exf6 Kxf6 46. Kd5 h5 47. h3 Kg6 48. Ke6 Kh6 49. Kf6 h4 50. Kf5 1-0